Normal view
MARC view
- FUZZY LOGIC
Entry Topical Term
001 - CONTROL NUMBER
- control field: 60142
003 - CONTROL NUMBER IDENTIFIER
- control field: NUST
005 - DATE AND TIME OF LATEST TRANSACTION
- control field: 20210628202507.0
008 - FIXED-LENGTH DATA ELEMENTS
- fixed length control field: 210628|| aca||aabn | a|a d
040 ## - CATALOGING SOURCE
- Original cataloging agency: NUST
- Transcribing agency: NUST
150 ## - HEADING--TOPICAL TERM
- Topical term or geographic name entry element: FUZZY LOGIC
670 ## - SOURCE DATA FOUND
- Source citation: Work cat.: (NUST): Nguyen , Hung .T Walker , Elbert .A 60141, A first course in fuzzy logic, 2006
